Kraje, które wchodziły w skład Związku Radzieckiego - Statystyki

Ogólne statystyki
  • Ten quiz został rozwiązany 1 707 razy
  • Średni wynik to 13 z 15
Statystyki odpowiedzi
Nazwa kraju % Poprawnych
Litwa
97%
Ukraina
97%
Estonia
96%
Łotwa
96%
Białoruś
94%
Kazachstan
94%
Gruzja
86%
Rosja
85%
Armenia
82%
Uzbekistan
82%
Azerbejdżan
81%
Tadżykistan
79%
Turkmenistan
79%
Kirgistan
75%
Mołdawia
75%
Nie znaleziono quizów pasujących do podanych kryteriów
Rozkład punktacji
Procent ludzi z każdym wynikiem
Percentyl według liczby udzielonych odpowiedzi
Twoja historia wyników
Nie rozwiązałeś tego quizu